[Event "Titled Tue 10th Jun Early"]
[Site "chess.com INT"]
[Date "2025.06.10"]
[Round "7"]
[White "Tang, Andrew"]
[Black "Salinas Herrera, Pablo"]
[Result "1-0"]
[WhiteTitle "GM"]
[BlackTitle "GM"]
[WhiteElo "2529"]
[BlackElo "2447"]
[WhiteFideId "2059630"]
[BlackFideId "3407128"]
[EventDate "2025.06.10"]

1. d4 d5 2. Bf4 Nf6 3. e3 e6 4. Nf3 Bd6 5. Nbd2 O-O 6. c3 c5 7. Bd3 Bxf4 8. exf4
Qc7 9. g3 b6 10. Qe2 a5 11. O-O Ba6 12. Bxa6 Nxa6 13. Rfe1 Nb8 14. Qd3 Nc6 15.
f5 exf5 16. Qxf5 cxd4 17. cxd4 Rfe8 18. a3 Qd6 19. Rac1 h6 20. Nf1 Ne7 21. Qd3
Ng6 22. Ne3 Ne4 23. Qb5 Qf6 24. Kg2 Ng5 25. Nxg5 Qxg5 26. Kf1 Re4 27. Qxd5 Qxd5
28. Nxd5 Rxd4 29. Nxb6 Ra6 30. Rc8+ Kh7 31. Nc4 a4 32. h4 h5 33. Ree8 Rf6 34.
Ke2 Rf5 35. f4 Rb5 36. Kf3 Rd7 37. Ne3 Ne7 38. Ra8 Rxb2 39. f5 g5 40. hxg5 1-0

[Event "Titled Tue 10th Jun Early"]
[Site "chess.com INT"]
[Date "2025.06.10"]
[Round "7"]
[White "Rustemov, Alexander"]
[Black "Manukyan, Sargis A."]
[Result "1/2-1/2"]
[WhiteTitle "GM"]
[BlackTitle "FM"]
[WhiteElo "2525"]
[BlackElo "2294"]
[WhiteFideId "4119002"]
[BlackFideId "13303970"]
[EventDate "2025.06.10"]

1. d4 d5 2. c4 e6 3. Nc3 Nf6 4. cxd5 exd5 5. Bg5 Be7 6. e3 O-O 7. Bd3 c6 8. Qc2
h6 9. Bh4 Ne8 10. Bxe7 Qxe7 11. Nf3 Nd6 12. O-O Nd7 13. Rae1 Nf6 14. Ne5 g6 15.
f3 Nd7 16. Bxg6 Nxe5 17. dxe5 Qxe5 18. Bd3 Bf5 19. Bxf5 Qxf5 20. e4 Qg6 21. Qf2
dxe4 22. Nxe4 Nxe4 23. Rxe4 Kh7 24. Rfe1 Rg8 25. Re7 b6 26. g3 Rg7 27. Qe3 c5
28. Kg2 a5 29. Re2 Rd8 30. Rb7 Rd4 31. Rb8 h5 32. Qe8 Rg8 33. Qxg8+ Qxg8 34.
Rxg8 Kxg8 35. f4 h4 36. Kf3 hxg3 37. hxg3 a4 38. a3 Kf8 39. Kg4 b5 40. Kf5 b4
41. Re5 bxa3 42. bxa3 Rd3 43. g4 Rxa3 44. Rxc5 Rb3 45. Ra5 a3 46. Ra7 Rb5+ 47.
Ke4 Rb4+ 48. Kf3 Rb3+ 49. Kg2 Kg7 50. Ra6 f6 51. Kf2 Kf7 52. Ke2 Rg3 53. g5 fxg5
54. fxg5 Rh3 55. Kd2 a2 56. Kc2 Rh2+ 57. Kb3 Rg2 58. Rxa2 Rxa2 59. Kxa2 Kg6 60.
Kb3 Kxg5 1/2-1/2

[Event "Titled Tue 10th Jun Early"]
[Site "chess.com INT"]
[Date "2025.06.10"]
[Round "7"]
[White "Piesik, Piotr"]
[Black "Tikhonov, Viacheslav"]
[Result "0-1"]
[WhiteTitle "IM"]
[BlackTitle "CM"]
[WhiteElo "2436"]
[BlackElo "2183"]
[WhiteFideId "1136194"]
[BlackFideId "44196407"]
[EventDate "2025.06.10"]

1. Nf3 g6 2. g3 Bg7 3. d4 Nf6 4. Bg2 O-O 5. O-O d5 6. c4 c6 7. Nc3 dxc4 8. a4 a5
9. e3 Bg4 10. Qe2 e5 11. dxe5 Nfd7 12. Rd1 Qe7 13. Qxc4 Nxe5 14. Qf4 Na6 15. Rd2
Nxf3+ 16. Bxf3 Bxf3 17. Qxf3 Nc5 18. Qd1 Rfd8 19. Qc2 Qe6 20. Rxd8+ Rxd8 21. Bd2
Qb3 22. Rc1 Qxc2 23. Rxc2 b6 24. Kf1 Bxc3 25. Bxc3 Nxa4 26. Bd4 c5 27. Bf6 Rd6
28. Be5 Re6 29. Bc7 Rc6 30. Be5 f6 31. Bb8 c4 32. Rd2 Nc5 33. Ke2 Nd3 0-1

[Event "Titled Tue 10th Jun Early"]
[Site "chess.com INT"]
[Date "2025.06.10"]
[Round "7"]
[White "Kovalevsky, Stanislav"]
[Black "Santos, Antonio P"]
[Result "1-0"]
[WhiteTitle "FM"]
[BlackTitle "FM"]
[WhiteElo "2105"]
[BlackElo "2165"]
[WhiteFideId "13508598"]
[BlackFideId "1900161"]
[EventDate "2025.06.10"]

1. e4 c5 2. c4 Nc6 3. Nc3 g6 4. g3 Bg7 5. Bg2 d6 6. a3 e6 7. Rb1 a5 8. h4 h5 9.
d3 Nge7 10. Bg5 Nd4 11. Qd2 Qc7 12. Nge2 Nxe2 13. Kxe2 Nc6 14. Nb5 Nd4+ 15. Nxd4
Bxd4 16. Qf4 Be5 17. Qf3 O-O 18. Bf6 Bxf6 19. Qxf6 e5 20. Bh3 Bxh3 21. Rxh3 Qd7
22. Rhh1 Qe6 23. Qxe6 fxe6 24. Ke3 a4 25. f4 exf4+ 26. gxf4 Kh7 27. Rhg1 Rab8
28. Rg5 b5 29. cxb5 Rxb5 30. Rbg1 Rg8 31. f5 exf5 32. exf5 Re8+ 33. Kf3 Rb3 34.
Rxg6 Rxd3+ 35. Kf4 Rd4+ 36. Kg5 Rg4+ 37. Rxg4 hxg4 38. Kxg4 Rg8 39. h5 1-0

[Event "Titled Tue 10th Jun Early"]
[Site "chess.com INT"]
[Date "2025.06.10"]
[Round "7"]
[White "Arya G Mallar"]
[Black "Chyzy, Jakub"]
[Result "1-0"]
[WhiteTitle "WCM"]
[BlackTitle "FM"]
[WhiteElo "2000"]
[BlackElo "2330"]
[WhiteFideId "25115324"]
[BlackFideId "21806209"]
[EventDate "2025.06.10"]

1. d4 Nf6 2. c4 d6 3. Nf3 Nbd7 4. Nc3 e5 5. e4 Be7 6. g3 O-O 7. Bg2 c6 8. O-O a6
9. h3 b5 10. cxb5 axb5 11. a3 b4 12. Ne2 Nxe4 13. Nxe5 dxe5 14. Bxe4 Bb7 15.
dxe5 Nxe5 16. Nd4 Qb6 17. Qh5 Ng6 18. Nf5 Bc5 19. Bg5 Rfe8 20. Rae1 bxa3 21.
bxa3 Rxa3 22. Kg2 Ra2 23. Qf3 Ne5 24. Qf4 f6 25. Bh4 Bb4 26. Bxf6 gxf6 27. Nh6+
Kg7 28. Nf5+ Kh8 29. Qh6 1-0

[Event "Titled Tue 10th Jun Early"]
[Site "chess.com INT"]
[Date "2025.06.10"]
[Round "7"]
[White "Movahed, Sina"]
[Black "Rahman, Masruri"]
[Result "1-0"]
[WhiteTitle "GM"]
[BlackTitle "FM"]
[WhiteElo "2544"]
[BlackElo "2407"]
[WhiteFideId "42520835"]
[BlackFideId "7101163"]
[EventDate "2025.06.10"]

1. e4 e6 2. d4 d5 3. e5 c5 4. c3 Nc6 5. Nf3 Qb6 6. Be2 cxd4 7. cxd4 Nge7 8. Nc3
Nf5 9. Na4 Bb4+ 10. Kf1 Qd8 11. h4 h5 12. Bg5 Be7 13. Rc1 Bd7 14. Nc5 Rb8 15.
Qd2 O-O 16. b4 Be8 17. b5 Na5 18. Bxe7 Nxe7 19. Ng5 Nc4 20. Qd3 Nf5 21. Kg1 g6
22. g4 hxg4 23. Bxg4 b6 24. Bxf5 exf5 25. Qg3 Nd2 26. Rd1 bxc5 27. Rxd2 Rxb5 28.
Kg2 Kg7 29. h5 Rh8 30. hxg6 Rxh1 31. gxf7 Qe7 32. fxe8=Q Qxe8 33. Kxh1 Rb1+ 34.
Kg2 Qh5 35. Nh3+ Kf8 36. e6 Re1 37. Rb2 Rxe6 38. Rb8+ Ke7 39. Rb7+ Kf6 40. Qg7# 1-0

[Event "Titled Tue 10th Jun Early"]
[Site "chess.com INT"]
[Date "2025.06.10"]
[Round "7"]
[White "Mitev, Valentin"]
[Black "Mohamed, Anees M"]
[Result "1-0"]
[WhiteTitle "FM"]
[BlackTitle "FM"]
[WhiteElo "2323"]
[BlackElo "2431"]
[WhiteFideId "2921707"]
[BlackFideId "35065815"]
[EventDate "2025.06.10"]

1. d4 f5 2. Nf3 Nf6 3. Bg5 Ne4 4. Bf4 e6 5. e3 Be7 6. h3 d6 7. Nbd2 Nd7 8. Nxe4
fxe4 9. Nd2 Nf6 10. Bg5 d5 11. Be2 O-O 12. O-O c6 13. f3 exf3 14. Bxf3 Qc7 15.
e4 Ng4 16. Bxg4 Rxf1+ 17. Nxf1 Bxg5 18. Qe2 Bd7 19. exd5 exd5 20. Bxd7 Qxd7 21.
Re1 Bf6 22. c3 a5 23. Ng3 g6 24. Nf1 Kg7 25. Ne3 h5 26. Nd1 a4 27. Nf2 a3 28. b3
Bh4 29. Qe5+ Kh7 30. g3 Bd8 31. Kg2 Qg7 32. Qe6 Bf6 33. Nd3 Rf8 34. Nc5 h4 35.
g4 Rf7 36. Rf1 Kg8 37. Nd7 Be7 38. Ne5 Bf6 39. Qxf7+ Qxf7 40. Nxf7 Kxf7 41. g5 1-0

[Event "Titled Tue 10th Jun Early"]
[Site "chess.com INT"]
[Date "2025.06.10"]
[Round "7"]
[White "Gomez Falagan, Daniel"]
[Black "Ruperez Benito, Antonio"]
[Result "0-1"]
[WhiteTitle "FM"]
[BlackTitle "FM"]
[WhiteElo "2271"]
[BlackElo "2328"]
[WhiteFideId "54509947"]
[BlackFideId "22245049"]
[EventDate "2025.06.10"]

1. Nf3 Nf6 2. b3 g6 3. Bb2 Bg7 4. g3 O-O 5. Bg2 d5 6. O-O c5 7. d4 Nc6 8. dxc5
Qa5 9. c4 dxc4 10. Qc1 Qxc5 11. Nbd2 Be6 12. Nxc4 Bxc4 13. bxc4 Rac8 14. Ba3 Qh5
15. Rb1 b6 16. h3 Qa5 17. Qe3 Rfe8 18. Rfd1 Qa6 19. Rbc1 Na5 20. Bb4 Nxc4 21.
Qd3 b5 22. Nd4 Nb2 23. Qxb5 Qxb5 24. Nxb5 Nxd1 25. Rxd1 Rb8 26. Bc6 Rec8 27.
Nxa7 Rc7 28. Bc5 h5 29. Be3 Rb2 30. a4 Rxe2 31. a5 Rxe3 32. fxe3 Rxa7 33. Ra1
Nd7 34. a6 Bxa1 0-1

[Event "Titled Tue 10th Jun Early"]
[Site "chess.com INT"]
[Date "2025.06.10"]
[Round "7"]
[White "Reprintsev, Alexander"]
[Black "Katishonok, Nikolaj"]
[Result "1-0"]
[WhiteTitle "IM"]
[BlackTitle "FM"]
[WhiteElo "2256"]
[BlackElo "2004"]
[WhiteFideId "14100541"]
[BlackFideId "11600225"]
[EventDate "2025.06.10"]

1. e4 e6 2. Nf3 d5 3. e5 c5 4. b4 b6 5. c3 Ne7 6. d4 cxd4 7. cxd4 Nf5 8. a3 Be7
9. Bd3 O-O 10. O-O a5 11. b5 f6 12. Bxf5 exf5 13. Nc3 fxe5 14. dxe5 Be6 15. Nd4
Qc8 16. Nxe6 Qxc3 17. Bd2 Qxe5 18. Re1 Qd6 19. Bf4 Qd7 20. Nxf8 Bxf8 21. a4 Qf7
22. Rc1 Nd7 23. Rc7 Bb4 24. Re5 Nxe5 25. Bxe5 Qe6 26. Rxg7+ Kf8 27. f4 Rc8 28.
h3 Ba3 29. Qh5 Rc1+ 30. Kh2 Bc5 31. Rxh7 Bg1+ 32. Kg3 Rc3+ 33. Kh4 Qe7+ 34. Rxe7
Bf2+ 35. Kg5 1-0

[Event "Titled Tue 10th Jun Early"]
[Site "chess.com INT"]
[Date "2025.06.10"]
[Round "7"]
[White "Ambartsumova, Karina"]
[Black "Vasquez Schroeder, Rodrigo"]
[Result "0-1"]
[WhiteTitle "IM"]
[BlackTitle "GM"]
[WhiteElo "2403"]
[BlackElo "2446"]
[WhiteFideId "4166299"]
[BlackFideId "3400042"]
[EventDate "2025.06.10"]

1. Nf3 c5 2. c4 Nf6 3. Nc3 e6 4. d4 cxd4 5. Nxd4 Bb4 6. Qb3 Bc5 7. e3 Nc6 8. Qd1
O-O 9. Be2 d5 10. O-O Bxd4 11. exd4 dxc4 12. Be3 Na5 13. Bg5 h6 14. Bh4 Bd7 15.
Qc1 Bc6 16. Rd1 g5 17. Bg3 Nd5 18. h4 Nxc3 19. bxc3 Bd5 20. hxg5 hxg5 21. f4 f6
22. Qc2 Qe7 23. fxg5 f5 24. Qd2 Nc6 25. Bf4 Kg7 26. Kf2 Rh8 27. Rh1 Kg6 28. Qe3
Rae8 29. Rh3 Rh7 30. Rah1 Reh8 31. Rh6+ Rxh6 32. gxh6 Kh7 33. Bg5 Qf7 34. Bh5
Qf8 35. Bf4 Rg8 36. Rh2 Qf6 37. Qh3 e5 38. dxe5 Nxe5 39. Qe3 Nd3+ 40. Kg1 Be4
41. Be2 Qxc3 42. Bxd3 Qxd3 43. Qxd3 cxd3 44. Kf2 b5 45. Ke3 Rd8 46. g3 Rc8 47.
Rb2 a6 48. a4 Rc2 0-1

[Event "Titled Tue 10th Jun Early"]
[Site "chess.com INT"]
[Date "2025.06.10"]
[Round "7"]
[White "Labussiere, Victor"]
[Black "Kourkoulos-Arditis, Stamatis"]
[Result "0-1"]
[WhiteTitle "FM"]
[BlackTitle "GM"]
[WhiteElo "2312"]
[BlackElo "2580"]
[WhiteFideId "2183129"]
[BlackFideId "4221990"]
[EventDate "2025.06.10"]

1. Nf3 d5 2. c4 e6 3. g3 dxc4 4. Qa4+ Nd7 5. Qxc4 a6 6. Bg2 b5 7. Qc2 Bb7 8. O-O
Ngf6 9. a4 c5 10. Nc3 b4 11. Nd1 Rc8 12. d3 c4 13. dxc4 Be4 14. Qd2 Nc5 15. Qxb4
Rb8 16. Qc3 Nb3 17. Bf4 Nxa1 18. Bxb8 Qxb8 19. b4 Nc2 20. b5 Bb4 21. Qe5 Bd6 22.
Qg5 O-O 23. Nc3 Bxf3 24. Bxf3 Nd4 25. Bg2 Bb4 26. e3 Bxc3 27. exd4 Bxd4 28. bxa6
Qa7 29. Qb5 g6 30. Bf3 Rb8 31. Qc6 Rb2 32. c5 Bxc5 33. Qa8+ Kg7 34. Qxa7 Bxa7
35. Kg2 Ra2 36. g4 Rxa4 37. Rd1 Rxa6 0-1

[Event "Titled Tue 10th Jun Early"]
[Site "chess.com INT"]
[Date "2025.06.10"]
[Round "7"]
[White "Jonnalagadda, Vishnusankar"]
[Black "Olhovik, Andrei"]
[Result "0-1"]
[BlackTitle "FM"]
[WhiteElo "2047"]
[BlackElo "2282"]
[WhiteFideId "39900100"]
[BlackFideId "13507397"]
[EventDate "2025.06.10"]

1. e4 c5 2. Nf3 e6 3. d4 cxd4 4. Nxd4 Bc5 5. Nb3 Bb6 6. Nc3 Ne7 7. Bd3 O-O 8.
Qe2 f5 9. e5 Nbc6 10. h4 f4 11. Qe4 Rf5 12. Bxf4 Ng6 13. Bg3 Ngxe5 14. O-O-O d5
15. Qe2 Nxd3+ 16. Rxd3 Qf8 17. f3 Bd7 18. Na4 Nb4 19. Nxb6 Nxd3+ 20. Qxd3 axb6
21. Kb1 Qb4 22. Nd4 Rf7 23. a3 Qc5 24. Bf2 Qc4 25. Qxc4 dxc4 26. Re1 Ra5 27.
Nxe6 Re7 28. Nf4 Rxe1+ 29. Bxe1 Re5 30. Bf2 b5 31. Kc1 Bc6 32. Kd2 g5 33. hxg5
Rxg5 34. Ke3 Kf7 35. Kd4 Rg8 36. b3 cxb3 37. cxb3 Ra8 38. a4 bxa4 39. bxa4 Rxa4+
40. Ke5 Ra2 41. Bd4 Ba4 42. Kd6 Bc6 43. Kc5 Rc2+ 44. Kd6 b5 45. Be3 b4 46. Nd3
b3 47. Ne5+ Kg8 48. Bd4 Be8 49. Nc4 Rxc4 0-1

[Event "Titled Tue 10th Jun Early"]
[Site "chess.com INT"]
[Date "2025.06.10"]
[Round "7"]
[White "Myagmarsuren, Evsuld"]
[Black "Birkisson, Bardur Orn"]
[Result "1-0"]
[WhiteTitle "FM"]
[BlackTitle "FM"]
[WhiteElo "2292"]
[BlackElo "2280"]
[WhiteFideId "1551639"]
[BlackFideId "2310597"]
[EventDate "2025.06.10"]

1. e4 e5 2. Nf3 Nc6 3. Bc4 Nf6 4. d4 exd4 5. O-O Nxe4 6. Re1 d5 7. Bxd5 Qxd5 8.
Nc3 Qa5 9. Nxe4 Be6 10. Bd2 Qd5 11. Bg5 Be7 12. Bxe7 Nxe7 13. Nxd4 O-O-O 14.
Nxe6 Qxe6 15. Qf3 Qf5 16. Qc3 Nd5 17. Qc5 b6 18. Qc6 Kb8 19. a4 Nb4 20. Qc4 a5
21. Rad1 f6 22. c3 Nd5 23. b4 Nf4 24. Ng3 Rxd1 25. Rxd1 Qe5 26. bxa5 Re8 27.
axb6 cxb6 28. h3 h5 29. a5 h4 30. Nf1 Qg5 31. Qc6 Nxh3+ 32. Kh2 Qf4+ 33. Kxh3 g5
34. Qxe8+ Kc7 35. Rd7+ Kc6 36. Rd4+ Kc5 37. Rxf4 g4+ 38. Rxg4 1-0

[Event "Titled Tue 10th Jun Early"]
[Site "chess.com INT"]
[Date "2025.06.10"]
[Round "7"]
[White "Antoniou, Rafail"]
[Black "Turzo, Attila"]
[Result "1-0"]
[WhiteTitle "CM"]
[BlackTitle "IM"]
[WhiteElo "2134"]
[BlackElo "2245"]
[WhiteFideId "5904390"]
[BlackFideId "704954"]
[EventDate "2025.06.10"]

1. e4 c5 2. c3 Nf6 3. e5 Nd5 4. d4 d6 5. Nf3 cxd4 6. cxd4 Nc6 7. Bc4 dxe5 8.
Bxd5 Qxd5 9. Nc3 Qd6 10. d5 Nd4 11. Nxd4 exd4 12. Qxd4 e5 13. Qe4 Bd7 14. O-O f5
15. Qe2 Be7 16. Re1 Bf6 17. Bf4 O-O-O 18. Bxe5 Bxe5 19. Qxe5 Qxe5 20. Rxe5 Rhe8
21. f4 Kc7 22. Rae1 Kd6 23. Kf2 a6 24. R1e3 h6 25. Ne2 Rxe5 26. fxe5+ Kxd5 27.
Nf4+ Kc6 28. e6 Be8 29. Rc3+ Kb6 30. e7 Rd2+ 31. Kf3 Rxb2 32. Rc8 Bb5 33. Nd5+
Ka7 34. Ra8+ Kxa8 35. Nc7+ Ka7 36. Nxb5+ axb5 37. e8=Q Rxa2 38. Qxb5 Ra3+ 39.
Kf4 b6 40. Qxf5 Ra4+ 41. Kf3 Ra3+ 42. Kg4 Ra4+ 43. Kh3 Ra3+ 44. g3 Ra5 45. Qf7+
Ka6 46. Qxg7 h5 47. Qg6 Rc5 48. Kh4 Kb5 49. h3 Kc4 50. Qxb6 Rd5 51. Qc6+ Kd4 52.
Qxd5+ Kxd5 53. Kxh5 1-0

[Event "Titled Tue 10th Jun Early"]
[Site "chess.com INT"]
[Date "2025.06.10"]
[Round "7"]
[White "Gubatayev, Ahmet"]
[Black "Leinov, Roman"]
[Result "1-0"]
[WhiteTitle "CM"]
[BlackTitle "CM"]
[WhiteElo "2191"]
[BlackElo "2120"]
[WhiteFideId "14004526"]
[BlackFideId "13504649"]
[EventDate "2025.06.10"]

1. Nf3 Nf6 2. c4 e6 3. g3 b6 4. Bg2 Bb7 5. Nc3 c5 6. O-O Be7 7. Re1 d5 8. cxd5
Nxd5 9. d4 Nxc3 10. bxc3 O-O 11. e4 cxd4 12. cxd4 Nc6 13. Bb2 Na5 14. Ne5 Rc8
15. d5 exd5 16. exd5 Bf6 17. Qg4 Rc2 18. Bd4 Bxd5 19. Bxd5 Qxd5 20. Rad1 Qxa2
21. Nd7 Bxd4 22. Qxd4 Rfc8 23. Nxb6 h6 24. Nxc8 Rxc8 25. Qxa7 Rc2 26. Ra1 Qb2
27. Rxa5 Qc3 28. Raa1 Qd3 29. Qe3 Qd6 30. Qe8+ Kh7 31. Qe4+ g6 32. Qxc2 Qd5 33.
Ra7 Kg7 34. Qc3+ Kg8 35. Qf6 Qd2 36. Re8+ Kh7 37. Rh8# 1-0

[Event "Titled Tue 10th Jun Early"]
[Site "chess.com INT"]
[Date "2025.06.10"]
[Round "7"]
[White "Bukreev, Stanislav"]
[Black "Pavlov, Nikolay"]
[Result "1-0"]
[WhiteTitle "FM"]
[BlackTitle "FM"]
[WhiteElo "2305"]
[BlackElo "2316"]
[WhiteFideId "34252347"]
[BlackFideId "24141470"]
[EventDate "2025.06.10"]

1. d4 Nf6 2. c4 e6 3. Nf3 b6 4. g3 Bb7 5. Bg2 Be7 6. O-O O-O 7. Re1 Ne4 8. Qc2
d5 9. cxd5 exd5 10. Nc3 Nxc3 11. Qxc3 Nc6 12. Bd2 Bd6 13. Rac1 Qd7 14. Qc2 h6
15. a3 a5 16. Bc3 Rfe8 17. Red1 a4 18. Ne5 Qe6 19. Nxc6 Bxc6 20. Bb4 Bb5 21.
Bxd6 cxd6 22. e3 Bc4 23. Qd2 b5 24. Re1 Qf5 25. f3 Re7 26. e4 Qf6 27. Rcd1 Rae8
28. Qf4 Qxf4 29. gxf4 f6 30. Kf2 Kf7 31. Re3 Rc7 32. Rc1 Rec8 33. Rec3 Re7 34.
Re3 Rce8 35. Rce1 g6 36. h4 h5 37. Bh3 dxe4 38. fxe4 d5 39. e5 f5 40. Rc3 Ke6
41. Ke3 Rc7 42. Rg1 Rg8 43. Bg2 Rc6 44. Bf3 Rcc8 45. Rc2 Rcd8 46. Rcg2 Kf7 47.
Kd2 Rde8 48. Kc3 Rd8 49. Kb4 Rc8 50. Rc1 Rcd8 51. Rg5 Rge8 52. Rcg1 Rg8 53. Bxh5
gxh5 54. e6+ Kxe6 55. Rxg8 Rd7 56. R1g6+ Kf7 57. R6g7+ 1-0

[Event "Titled Tue 10th Jun Early"]
[Site "chess.com INT"]
[Date "2025.06.10"]
[Round "7"]
[White "Akkara, Omer"]
[Black "Aradhya, Garg"]
[Result "0-1"]
[WhiteTitle "CM"]
[BlackTitle "IM"]
[WhiteElo "2036"]
[BlackElo "2370"]
[WhiteFideId "26319802"]
[BlackFideId "25006746"]
[EventDate "2025.06.10"]

1. e4 c6 2. d4 d5 3. exd5 cxd5 4. Nf3 Nc6 5. Bb5 Bg4 6. c4 Nf6 7. Nc3 a6 8.
Bxc6+ bxc6 9. c5 e5 10. dxe5 Nd7 11. Bf4 Bxc5 12. O-O O-O 13. h3 Bh5 14. Re1 Re8
15. Qd3 Qb6 16. Re2 d4 17. Ne4 Bg6 18. Rc1 Rad8 19. a3 Bf8 20. Qxd4 Qxd4 21.
Nxd4 Nxe5 22. Bxe5 Rxe5 23. Nxc6 Rc8 24. Nxe5 Rxc1+ 25. Kh2 Bxe4 26. Rxe4 Rc2
27. Nd3 Rd2 28. Rd4 g6 29. Rd7 h5 30. g3 Bg7 31. b4 Ra2 32. Ra7 Rxa3 33. Nc5 Ra2
34. Ne4 Bd4 35. Kg2 Bxa7 0-1

[Event "Titled Tue 10th Jun Early"]
[Site "chess.com INT"]
[Date "2025.06.10"]
[Round "7"]
[White "Goncharov, Vladimir"]
[Black "Azizoglu, Ferzan"]
[Result "1-0"]
[WhiteElo "2077"]
[BlackElo "2055"]
[WhiteFideId "34162256"]
[BlackFideId "6302726"]
[EventDate "2025.06.10"]

1. d4 Nf6 2. c4 g6 3. Nc3 Bg7 4. e4 d6 5. h3 O-O 6. Be3 c5 7. Nf3 cxd4 8. Nxd4
Nc6 9. Be2 Bd7 10. O-O Nxd4 11. Bxd4 Bc6 12. f3 a5 13. Qd2 Nd7 14. Be3 Be5 15.
Rac1 Nc5 16. Rfd1 Qb6 17. Bf1 a4 18. Rb1 Qa5 19. Rdc1 e6 20. Qf2 Qb4 21. Bd2 Qb6
22. h4 h5 23. g3 f5 24. exf5 Rxf5 25. f4 Raf8 26. Be3 Qd8 27. Rd1 Qe7 28. Bh3
R5f6 29. Kh2 a3 30. Qd2 Bxc3 31. bxc3 e5 32. Re1 e4 33. Bd4 Rf5 34. Bxf5 gxf5
35. Bxc5 dxc5 36. Rbd1 Qf7 37. Qd6 Qxc4 38. Qg6+ Kh8 39. Qxh5+ Kg8 40. Qg6+ Kh8
41. Rd6 Qxa2+ 42. Kh3 1-0

[Event "Titled Tue 10th Jun Early"]
[Site "chess.com INT"]
[Date "2025.06.10"]
[Round "7"]
[White "Miranda Samudio, Adrian Jafeth"]
[Black "Reshetnikov, Alexey"]
[Result "0-1"]
[WhiteTitle "CM"]
[BlackTitle "IM"]
[WhiteElo "1902"]
[BlackElo "2492"]
[WhiteFideId "6611044"]
[BlackFideId "4162080"]
[EventDate "2025.06.10"]

1. e4 c5 2. Nf3 d6 3. d4 cxd4 4. Nxd4 Nf6 5. f3 Nc6 6. Nb3 g6 7. Be3 Bg7 8. c4
O-O 9. Nc3 Be6 10. Be2 Ne5 11. Nd5 Rc8 12. Rc1 Bxd5 13. cxd5 Rxc1 14. Qxc1 a5
15. a4 e6 16. dxe6 fxe6 17. O-O d5 18. f4 Nc6 19. e5 Nd7 20. Bg4 Re8 21. Nc5
Nxc5 22. Bxc5 Bf8 23. Bxf8 Kxf8 24. Rf3 Qb6+ 25. Kh1 h5 26. Bh3 Nd4 27. Rg3 Kf7
28. f5 exf5 29. Qh6 Rg8 30. Rc3 Ne6 31. Bxf5 gxf5 32. Qf6+ Ke8 33. Rc8+ Kd7 34.
Rxg8 Qc5 35. Qf7+ Qe7 36. Qxe7+ Kxe7 37. Rb8 Nc5 38. Rh8 Ke6 39. Rxh5 Nxa4 40.
Rh7 b5 41. Rb7 b4 0-1

[Event "Titled Tue 10th Jun Early"]
[Site "chess.com INT"]
[Date "2025.06.10"]
[Round "7"]
[White "Kawka, Milena"]
[Black "Gulkov, Igor A."]
[Result "0-1"]
[WhiteTitle "WCM"]
[BlackTitle "IM"]
[WhiteElo "2003"]
[BlackElo "2358"]
[WhiteFideId "21095167"]
[BlackFideId "4120973"]
[EventDate "2025.06.10"]

1. e4 c5 2. Nf3 d6 3. Bb5+ Bd7 4. Bxd7+ Qxd7 5. c4 Nf6 6. Nc3 Nc6 7. d4 cxd4 8.
Nxd4 Qg4 9. Qxg4 Nxg4 10. Nxc6 bxc6 11. b3 g6 12. h3 Ne5 13. Ke2 Bg7 14. Bd2 O-O
15. Rac1 f5 16. exf5 Rxf5 17. f4 Nd7 18. g4 Rff8 19. Ne4 a5 20. Ng5 Nc5 21. Be3
h6 22. Nf3 Ne6 23. f5 gxf5 24. gxf5 Rxf5 25. Rhg1 Kf7 26. Rcf1 Bf6 27. Kd3 Rg8
28. Ke4 Rxg1 29. Rxg1 Rh5 30. h4 Nc5+ 31. Bxc5 Rxc5 32. a3 a4 33. Nd2 axb3 34.
Rb1 b2 35. Kd3 Ra5 36. Kc2 Rxa3 37. Ne4 Be5 38. Rf1+ Ke6 39. Nd2 Ra1 40. Rb1
Rxb1 41. Kxb1 Kf5 42. c5 d5 43. Nb3 Bc3 44. Na1 bxa1=Q+ 0-1

[Event "Titled Tue 10th Jun Early"]
[Site "chess.com INT"]
[Date "2025.06.10"]
[Round "7"]
[White "Schut, Han"]
[Black "Emeliantsev, Anatoliy"]
[Result "1-0"]
[WhiteTitle "CM"]
[BlackTitle "FM"]
[WhiteElo "2088"]
[BlackElo "2359"]
[WhiteFideId "1005561"]
[BlackFideId "4160681"]
[EventDate "2025.06.10"]

1. e4 c5 2. Nf3 Nc6 3. d4 cxd4 4. Nxd4 Nf6 5. Nc3 e5 6. Ndb5 d6 7. Nd5 Nxd5 8.
exd5 Ne7 9. Qf3 a6 10. Qa3 Nf5 11. Bg5 axb5 12. Qxa8 f6 13. Bxb5+ Kf7 14. Bd2
Nd4 15. Ba4 Qc7 16. Qa5 Nxc2+ 17. Bxc2 Qxc2 18. O-O Be7 19. Rac1 Qxb2 20. Rc7
Re8 21. Qc3 Qxa2 22. Rxc8 Rxc8 23. Qxc8 Qxd2 24. Qe6+ Kf8 25. h3 Qc3 26. f4 exf4
27. Re1 Qc7 28. Ra1 g5 29. Ra8+ Kg7 30. Qg8+ Kh6 31. Kh2 Qc3 32. Qe6 Qe5 33. Re8 1-0

[Event "Titled Tue 10th Jun Early"]
[Site "chess.com INT"]
[Date "2025.06.10"]
[Round "7"]
[White "Sailer, Mike"]
[Black "Lau, Lut Yin Luke"]
[Result "0-1"]
[BlackTitle "CM"]
[WhiteElo "2108"]
[BlackElo "2243"]
[WhiteFideId "2012901"]
[BlackFideId "6002226"]
[EventDate "2025.06.10"]

1. d4 d6 2. Nf3 g6 3. Bf4 Bg7 4. e3 Nd7 5. Be2 c5 6. Nbd2 Ngf6 7. h3 O-O 8. O-O
b6 9. a4 Bb7 10. a5 Re8 11. c3 e5 12. Bh2 cxd4 13. exd4 e4 14. Ne1 Nd5 15. Nc2
Qg5 16. c4 Nf4 17. Bxf4 Qxf4 18. Re1 Nf6 19. Nf1 d5 20. Nfe3 Rac8 21. cxd5 Nxd5
22. Nxd5 Bxd5 23. Ne3 Ba8 24. Rc1 Rcd8 25. axb6 axb6 26. d5 Bxb2 27. Rb1 Bd4 28.
Qxd4 Qd6 29. Rxb6 Qa3 30. Reb1 Qa5 31. Bf1 Bxd5 32. Nxd5 Rxd5 33. Qe3 Rdd8 34.
Rb7 Qe5 0-1